A dosimetria das multas fiscais Conforme a legislaȯ̂ do ICMS do Estado de Sô Paulo /

Detalles Bibliográficos
Autor principal: Peres Jn︢ior, Jos ̌Orivaldo
Formato: eBook
Lenguaje:portugués
Publicado: San Pablo: Editora Noeses, 2021
Materias:
Acceso en línea:Acceso restringido

MARC

LEADER 00000nam a22000007a 4500
005 2022061003143.0
007 cr|||| ||||
008 220610s2021 br |||||s|||| 00||0 por d
020 |a 978-65-89888-05-5 
035 |a 36412 
040 |a vLex 
090 |c 13404  |d 13404 
100 1 |a Peres Jn︢ior, Jos ̌Orivaldo 
245 1 1 |a A dosimetria das multas fiscais  |h [Recurso electrn̤ico] :  |b Conforme a legislaȯ̂ do ICMS do Estado de Sô Paulo /  |c Jos ̌Orivaldo Peres Jn︢ior 
256 |a Servicio en ln̕ea 
260 |a San Pablo:  |b Editora Noeses,  |c 2021 
300 |a 1 recurso electrn̤ico 
506 1 |a Disponible solo en los productos indicados  |d vLex Global  |d vLex Global (Academic Edition, excluding Law Schools)  |d vLex Global (U.S. Academic Edition, Law Schools)  |d vLex Global (U.S. Academic Edition, excluding Law Schools)  |d vLex Global (Academic Edition, Law Schools) 
650 0 4 |a Derecho Tributario  |z Brasil 
740 0 |a vLex Libros (Servicio en ln̕ea) 
856 4 0 |u https://app.vlex.com/#/sources/36412  |z Acceso restringido 
942 |c BOOK 
999 0 |a Tax Law